|
|
|
|
| LEADER |
00808nab a2200205 i 4500 |
| 001 |
publ25478 |
| 005 |
20221107155741.0 |
| 008 |
221107s2021 hu o 0|| Magyar d |
| 022 |
|
|
|a 0864-7003
|
| 024 |
7 |
|
|a 31994047
|2 mtmt
|
| 040 |
|
|
|a SZTE Publicatio Repozitórium
|b hun
|
| 041 |
|
|
|a Magyar
|
| 100 |
1 |
|
|a Németh Anikó
|
| 245 |
1 |
0 |
|a Egészségügyi dolgozók kiégettségének összefüggése a COVID-19 pandémia alatt észlelt stresszfaktorokkal
|h [elektronikus dokumentum] /
|c Németh Anikó
|
| 260 |
|
|
|c 2021
|
| 300 |
|
|
|a 3-9
|
| 490 |
0 |
|
|a NŐVÉR
|v 34 No. 2
|
| 650 |
|
4 |
|a Egészségtudományok
|
| 700 |
0 |
1 |
|a Irinyi Tamás
|e aut
|
| 856 |
4 |
0 |
|u http://publicatio.bibl.u-szeged.hu/25478/1/egeszsegugyi-dolgozok-kiegettsegenek-osszefuggese-a-covid-19-pandemia-alatt-eszlelt-stresszfaktorokkal.pdf
|z Dokumentum-elérés
|